01736cam a2200277 450050000500170000004100080001704200070002510000270003224500570005926000180011650000070013452004320014152004540057369000260102769000250105369000210107869000290109969000160112869000250114469000120116969000280118169000250120978600870123485601160132199900210143720260111112247.0 afre adc10aHouzel, Didiereauthor00aÉcoute de l’archaïque et principe de charité c2016.  a38 aUn aspect central de l’observation d’un bébé selon la méthode d’Esther Bick consiste à donner du sens à tout ce qu’il manifeste. L’auteur emprunte la notion de « principe de charité » à la philosophie linguistique pour rendre compte de cette exigence qui rappelle l’exigence pour l’anthropologue de faire crédit aux peuplades qu’il explore que leurs expressions de toute nature ont un sens. aOne of the main aspects of the observation of a baby according to Esther Bick’s method consists in giving a meaning to whatever the baby expresses. The author borrows the concept of “Principle of Charity” to the linguistic philosophy to give an account of that requirement which reminds the requirement the anthropologist has to satisfy: to give credit to the tribes he is exploring that their expressions whatever their nature have a meaning. achamp psychanalytique aco-pensée empathie acontre-transfert aobservation participante aco-thinking acounter-transference aempathy aparticipant observation apsychoanalytic field0 nJournal de la psychanalyse de l'enfant | 6 | 2 | 2016-10-26 | p. 75-94 | 0994-794941uhttps://shs.cairn.info/revue-journal-de-la-psychanalyse-de-l-enfant-2016-2-page-75?lang=fr&redirect-ssocas=7080 c1631939d1631939